Infinite length modules /
Guardado en:
| Otros Autores: | , |
|---|---|
| Formato: | Libro |
| Idioma: | English |
| Publicado: |
Basel :
Birkhäuser,
c2000.
|
| Series: | Trends in mathematics
|
| Materias: | |
| Acceso en línea: | Table of contents |
| Etiquetas: |
Agregar Etiqueta
Sin Etiquetas, Sea el primero en etiquetar este registro!
|
| LEADER | 03044cam a22003135a 4500 | ||
|---|---|---|---|
| 001 | MAT.inmabb003788 | ||
| 008 | 000629s2000####sz#a#####b####100#0#eng## | ||
| 005 | 20150928171520.0 | ||
| 245 | 0 | 0 | |a Infinite length modules / |c Henning Krause, Claus Michael Ringel, editors. |
| 260 | |a Basel : |b Birkhäuser, |c c2000. | ||
| 300 | |a ix, 439 p. : |b il. ; |c 24 cm. | ||
| 440 | 0 | |a Trends in mathematics | |
| 500 | |a "This volume presents the invited lectures of a conference ... held at Bielefeld, September 7-11, 1998." | ||
| 504 | |a Incluye referencias bibliográficas. | ||
| 505 | 0 | |a Claus Michael Ringel, Infinite length modules. Some examples as introduction -- Paul C. Eklof, Modules with strange decomposition properties -- Alberto Facchini, Failure of the Krull-Schmidt theorem for Artinian modules and serial modules -- K. I. Pimenov and A. V. Yakovlev, Artinian modules over a matrix ring -- Rüdiger Göbel, Some combinatorial principles for solving algebraic problems -- T. H. Lenagan, Dimension theory of Noetherian rings -- Vladimir Bavula, Krull, Gelfand-Kirillov, filter, faithful and Schur dimensions -- Alex Martsinkovsky, Cohen-Macaulay modules and approximations -- Nicholas J. Kuhn, The generic representation theory of finite fields: a survey of basic structure -- Geoffrey M. L. Powell, On Artinian objects in the category of functors between $ bold F_2$-vector spaces -- Lionel Schwartz, Unstable modules over the Steenrod algebra, functors, and the cohomology of spaces -- D. J. Benson, Infinite dimensional modules for finite groups -- Jeremy Rickard, Bousfield localization for representation theorists -- Jon F. Carlson, The thick subcategory generated by the trivial module -- Aidan Schofield, Birational classification of moduli spaces -- Grzegorz Zwara, Tame algebras and degenerations of modules -- Raymundo Bautista, On some tame and discrete families of modules -- Birge Huisgen-Zimmermann, Purity, algebraic compactness, direct sum decompositions, and representation type -- Mike Prest, Topological and geometric aspects of the Ziegler spectrum -- Henning Krause, Finite versus infinite dimensional representations : a new definition of tameness -- Helmut Lenzing, Invariance of tameness under stable equivalence: Krause's theorem -- Jan Schröer, The Krull-Gabriel dimension of an algebra. Open problems and conjectures -- Sverre O. Smalø, Homological differences between finite and infinite dimensional representations of algebras. | |
| 510 | 4 | |a MR, |c 2001f:16002 | |
| 020 | |a 3764364130 | ||
| 020 | |a 0817664130 (Boston) | ||
| 020 | |a 9783034895620 (pbk.) | ||
| 700 | 1 | |a Krause, Henning, |d 1962- |4 edt | |
| 700 | 1 | |a Ringel, Claus Michael. |4 edt | |
| 650 | 0 | |a Modules (Algebra) |v Congresses. | |
| 650 | 0 | |a Representations of algebras |v Congresses. | |
| 084 | |a 16-06 (16Gxx) |2 msc2000 | ||
| 010 | |a 00057957 | ||
| 040 | |a DLC |c DLC |d DLC | ||
| 856 | 4 | 1 | |3 Table of contents |u http://www.loc.gov/catdir/toc/fy037/00057957.html |
| 859 | |h 16 |i In43 |p A-7703 |b BIB. MATEMATICA | ||
| 859 | |h 16 |i In43 |p A-8956 |t Ej. 2 |b BIB. MATEMATICA | ||
